Detalles MARC
| 000 -CABECERA |
| campo de control de longitud fija |
02587nam a2200289 u 4500 |
| 001 - NÚMERO DE CONTROL |
| campo de control |
000032046 |
| 003 - IDENTIFICADOR DEL NÚMERO DE CONTROL |
| campo de control |
OSt |
| 005 - FECHA Y HORA DE LA ÚLTIMA TRANSACCIÓN |
| campo de control |
20260321073642.0 |
| 008 - DATOS DE LONGITUD FIJA--INFORMACIÓN GENERAL |
| campo de control de longitud fija |
100813s2015 dr 000 0 spa d |
| 020 ## - NÚMERO INTERNACIONAL ESTÁNDAR DEL LIBRO |
| Número Internacional Estándar del Libro |
9789945166965 |
| 040 ## - FUENTE DE LA CATALOGACIÓN |
| Centro catalogador/agencia de origen |
DO-SdBNP |
| Lengua de catalogación |
spa |
| Centro/agencia transcriptor |
BNPHU |
| 082 ## - NÚMERO DE LA CLASIFICACIÓN DECIMAL DEWEY |
| Número de clasificación |
410 |
| Número de documento/Ítem |
M971n |
| 100 1# - ENTRADA PRINCIPAL--NOMBRE DE PERSONA |
| Nombre de persona |
Muñoz Pineda, Yonni, |
| Fechas asociadas al nombre |
1964- |
| 9 (RLIN) |
42962 |
| 245 10 - MENCIÓN DE TÍTULO |
| Título |
Nociones lingüísticas elementales / |
| Mención de responsabilidad, etc. |
Yonni Muñoz Pineda. |
| 260 ## - PUBLICACIÓN, DISTRIBUCIÓN, ETC. |
| Lugar de publicación, distribución, etc. |
Santo Domingo : |
| Nombre del editor, distribuidor, etc. |
Búho, |
| Fecha de publicación, distribución, etc. |
2015. |
| 300 ## - DESCRIPCIÓN FÍSICA |
| Extensión |
190 p. ; |
| Dimensiones |
22 cm. |
| 500 ## - NOTA GENERAL |
| Nota general |
Incluye datos biográficos del autor en la contracubierta |
| 504 ## - NOTA DE BIBLIOGRAFÍA, ETC. |
| Nota de bibliografía, etc. |
Bibliografía: p.187-190 |
| 505 0# - NOTA DE CONTENIDO CON FORMATO |
| Nota de contenido con formato |
Aspectos, disciplinas y especialidades lingüisticas. Práctica 1. Texto para leer, analizar y comentar: nos han dado la tierra / |
| Mención de responsabilidad |
Juan Rulfo -- |
| Título |
Lenguaje, lengua, habla y unidades ligüisticas. Práctica 2. Texto para leer, analizar y comentar: la mancha indeleble / |
| Mención de responsabilidad |
Juan Bosch -- |
| Título |
Evolución de los estudios lingüisticos. Práctica 3. Texto para leer, analizar y comenta : Armonía y relaciones humanas / |
| Mención de responsabilidad |
Gregorio Mateu -- |
| Título |
Corrientes lingüísticas contemporáneas. Práctica 4. Texto para leer, analizar y comentar: Como gata boca arriba / |
| Mención de responsabilidad |
Gioconda Belli -- |
| Título |
Producción, propaganda y audición de los sonidos del habla. Práctica 5.Texto para leer, analizar y comentar: "Bailando con los negros" / |
| Mención de responsabilidad |
Pablo Neruda -- |
| Título |
Fonemas y grupos fonéticos. Prática 6. Texto para leer, analizar y comentar: "Poética de los días" |
| Mención de responsabilidad |
Edwin Guzmán -- |
| Título |
Rasgos fónicos y oposiciones fonológicas. Práctica 7. Texto para leer, analizar y comentar: Tú me quieres blanca / |
| Mención de responsabilidad |
Alfonsina Storni -- |
| Título |
Alteraciones de las normas : fonético-fonológicas del español. Práctica 8. Texto para leer, analizar y comentar : la jacagüera / |
| Mención de responsabilidad |
María Díaz de Stern -- |
| Título |
Estructuración de las palabras. Práctica 9. Texto para leer, analizar y comentar : Una gallina/ |
| Mención de responsabilidad |
Clarice Lispector -- |
| Título |
Nombres, pronombres, determinantes y adjetivos. Práctica 10. Texto para leer, analizar y comentar: Ladrón de sábado / |
| Mención de responsabilidad |
Gabriel García Márquez -- |
| Título |
El verbo. Práctica 11. Texto para leer, analizar y comentar: El centavo / |
| Mención de responsabilidad |
Manuel del Cabral -- |
| Título |
Adverbio, preposición, conjunción e interjección. Práctica 12. Texto para leer, analizar y comentar: ¡Qué es la autoestima? |
| Mención de responsabilidad |
Ivelisse Ornes. |
| 590 ## - NOTA LOCAL (RLIN) |
| Nota local |
Inventariado, 2018/VM |
| 600 10 - PUNTO DE ACCESO ADICIONAL DE MATERIA--NOMBRE DE PERSONA |
| Nombre de persona |
Bosch, Juan, |
| Fechas asociadas al nombre |
1909-2001 |
| 9 (RLIN) |
76555 |
| 600 14 - PUNTO DE ACCESO ADICIONAL DE MATERIA--NOMBRE DE PERSONA |
| Nombre de persona |
Mateu, Gregorio, |
| Subdivisión general |
Crítica textual |
| 9 (RLIN) |
58176 |
| 600 14 - PUNTO DE ACCESO ADICIONAL DE MATERIA--NOMBRE DE PERSONA |
| Nombre de persona |
Billi, Gioconda, |
| Subdivisión general |
Crítica textual |
| 9 (RLIN) |
58177 |
| 650 #4 - PUNTO DE ACCESO ADICIONAL DE MATERIA--TÉRMINO DE MATERIA |
| Término de materia o nombre geográfico como elemento de entrada |
Linguística |
| 9 (RLIN) |
1604 |
| 910 ## - DATOS DE OPCIÓN DEL USUARIO (OCLC) |
| Datos de opción del usuario |
Validado. Control de calidad MFF |
| 942 ## - ELEMENTOS DE PUNTO DE ACCESO ADICIONAL (KOHA) |
| Fuente del sistema de clasificación o colocación |
Dewey Decimal Classification |
| Tipo de ítem Koha |
Libro |